Planning delivery agreements pilot project January-December 2006 (Record no. 106522)

MARC details
000 -LEADER
fixed length control field 00889cam a2200205 4500
001 - CONTROL NUMBER
control field L136827
008 - FIXED-LENGTH DATA ELEMENTS--GENERAL INFORMATION
fixed length control field 070226n2007 000 0 eng u
035 ## - SYSTEM CONTROL NUMBER
System control number (Sirsi) u136827
041 0# - LANGUAGE CODE
Language code of text/sound track or separate title eng
050 ## - LIBRARY OF CONGRESS CALL NUMBER
Classification number 658.404 $2 18
110 2# - MAIN ENTRY--CORPORATE NAME
Corporate name or jurisdiction name as entry element Planning Advisory Service
9 (RLIN) 5078
245 00 - TITLE STATEMENT
Title Planning delivery agreements pilot project January-December 2006
Medium [electronic resource]
260 ## - PUBLICATION, DISTRIBUTION, ETC.
Date of publication, distribution, etc. 2007
520 ## - SUMMARY, ETC.
Summary, etc. Draws on an independent impact assessment of a project set up to assess the effectiveness of using PDAs as a project management tool for large applications, and the experiences of participating authorities, developers, agents and PAS and ATLAS staff.
590 ## - LOCAL NOTE (RLIN)
Local note KA
651 #4 - SUBJECT ADDED ENTRY--GEOGRAPHIC NAME
Geographic name England
Chronological subdivision 886-
690 ## - LOCAL SUBJECT ADDED ENTRY--TOPICAL TERM (OCLC, RLIN)
Topical term or geographic name as entry element Project management
9 (RLIN) 6261
856 40 - ELECTRONIC LOCATION AND ACCESS
Uniform Resource Identifier <a href="https://www.pas.gov.uk/pas/core/page.do?pageId=11731">https://www.pas.gov.uk/pas/core/page.do?pageId=11731</a>
Public note View the report free of charge online at www.pas.gov.uk...
942 ## - ADDED ENTRY ELEMENTS (KOHA)
Suppress in OPAC 0
Holdings
Withdrawn status Lost status Source of classification or shelving scheme Damaged status Not for loan Home library Current library Shelving location Date acquired Total Checkouts Full call number Barcode Date last seen Copy number Price effective from Koha item type
    Dewey Decimal Classification     Virtual Virtual Online 26/02/2007   ONLINE PUBLICATION 136827-1001 06/08/2019 1 06/08/2019 Book